| 000 | 00364nam a22001577a 4500 | ||
|---|---|---|---|
| 020 | _a0-553-40599-3 | ||
| 082 |
_a823 _bBRY/S |
||
| 100 | _aBRYANT, BONNIE | ||
| 245 |
_aTHE SADDLE CLUB _bBEACH RIDE |
||
| 246 |
_aTHE SADDLE CLUB _bBEACH RIDE |
||
| 260 |
_aUSA _bBANTAM BOOKS _c1993 |
||
| 300 | _a136 | ||
| 520 | _aSHORT STORY | ||
| 650 | _aSHORT STORY | ||
| 942 | _cBK | ||
| 999 |
_c1871 _d1871 |
||